000 00423nam a2200181Ia 4500
005 20250423100950.0
008 250422s9999 xx 000 0 und d
020 _a0072339217
050 _aHG 4521 .B63/
100 _aBodie, Zvi
245 0 _aSolutions manual for use with investments
250 _a5th ed.
260 _aBoston
260 _bIrwin/McGraw-Hill
260 _cc2007
300 _a230 p
942 _cBK
999 _c34881
_d34881